zpět

Detail výsledku týmu

Trojka, Brno

Datum a čas kvízu

28 Celkem bodů Celkový počet nahraných bodů na tomto kvízu bez doplňovacích otázek.
8. Pořadí na kvízu Konečné umístění týmu na tomto kvízu.

Zaznamenané odpovědi

# Otázka Odpověď Body Výsledky
1. Dálnice D35 byla od pondělka t... traktor 0
2. Astronautům vracejícím se v mo... Porouchaný záchod. 0
3. Streamovací platforma Netflix... Stranger Things 0
4. Český internetový prodejce, je... Notino 1
5. Rychlobruslařka Martina Sáblík... Jiří Stanislav Guth-Jarkovský 1
6. Podíváme se mezi lékaře, kteří... Sám sobě vyoperoval slepé střevo (a přežil). 1
7. Tento český kardiochirurg dosá... Jan Pirk 1
8. Jednou z postav seriálu Futura... Zoidberg 1
9. Velkou tradici drží již po tři... Vladimír Beneš 1
10. Chirurga Benjamina Franklina „... Woody Allen 1